Statistics for Highest Paid NBA Players 2022-23

Click here to take the quiz!

General Stats

  • This quiz has been taken 355 times
    (308 since last reset)
  • The average score is 18 of 26

Answer Stats

2022-23 SalaryPlayer% Correct
$44,474,988LeBron James
98%
$48,070,014Stephen Curry
97%
$42,969,845Kevin Durant
90%
$42,492,492G. Antetokounmpo
89%
$37,096,500Luka Doncic
87%
$33,616,770Joel Embiid
86%
$37,980,720Anthony Davis
83%
$40,600,080Klay Thompson
82%
$47,063,478Russell Westbrook
82%
$33,833,400Devin Booker
80%
$36,503,300Kyrie Irving
79%
$42,492,492Kawhi Leonard
78%
$42,492,568
Paul George
76%
$42,492,492Damian Lillard
75%
$37,653,300Jimmy Butler
75%
$37,096,500Trae Young
69%
$43,279,250Bradley Beal
66%
$33,833,400Karl-Anthony Towns
66%
$38,172,414Rudy Gobert
58%
$37,096,500Zach LaVine
55%
$37,948,276Khris Middleton
47%
$35,448,672Pascal Siakam
46%
$35,448,672Ben Simmons
45%
$33,833,400Kristaps Porzingis
44%
$37,633,050Tobias Harris
34%
$33,616,770Andrew Wiggins
33%

Score Distribution

Percentile by Number Answered

Percent of People with Each Score

Your Score History

You have not taken this quiz since the last reset